000 00552nam a2200181Ia 4500
008 100920s9999 xx 000 0 und d
082 _b92579
_a--- न 05
100 _aप्रसन्नमयी.
245 _aतेजोगमन.
260 _bयशोदा प्रकाशन ,रत्नागिरी.
_c2005
300 _a142
_bसाधी
365 _b135
520 _aकादंबरी.
630 _aतेजोगमन.
650 _aकादंबरी.
730 _aतेजोगमन.
942 _cBOOK
999 _c733025
_d733022